Zes dichtstbijzijnde landen - Estland - Statistieken

Algemene statistieken
  • Deze quiz is 9 keer genomen
  • De gemiddelde score is 4 van 6
Antwoordstatistieken
km land % Correct
47 Finland
100%
0 Rusland
100%
152 Litouwen
86%
0 Letland
71%
157 Belarus
43%
150 Zweden
43%
Geen overeenkomende quizzen gevonden
Scoreverdeling
Procent van Mensen met Elke Score
Percentiel versus Aantal Correcte Antwoorden
Uw Scoregeschiedenis
U heeft deze quiz nog niet genomen